| 000 | 00370nam a22001217a 4500 | ||
|---|---|---|---|
| 999 |
_c2725 _d2725 |
||
| 005 | 20200923131222.0 | ||
| 008 | 200923b ||||| |||| 00| 0 eng d | ||
| 020 | _a0716631938 | ||
| 040 | _cCML | ||
| 245 |
_aBook of Nations. _cThe World Book Desk Reference Set. |
||
| 260 |
_aChicago _bWorld Book, Inc. _c1988 |
||
| 942 |
_2ddc _cBK _e1st Edition _h910 _kR _mWOR |
||